Axiomatic set theory
Salvato in:
| Autori principali: | , |
|---|---|
| Natura: | Libro |
| Lingua: | inglese |
| Pubblicazione: |
Nueva York
Springer-Verlag
1973
|
| Serie: | Graduate Texts in Mathematics, 8
|
| Soggetti: | |
| Tags: |
Aggiungi Tag
Nessun Tag, puoi essere il primo ad aggiungerne!!
|
MARC
| LEADER | 00000nam a2200000 a 4500 | ||
|---|---|---|---|
| 001 | UCQ8577 | ||
| 003 | CL-VaPUC | ||
| 008 | 981210e19730000US |||||||||||||||||eng|d | ||
| 082 | 0 | 4 | |a 511.322 |b TAK |2 21 |
| 100 | 0 | |a Takeuti, Gaisi |e author |9 422615 | |
| 700 | 0 | |a Zaring, Wilson M |e author |9 422616 | |
| 245 | 1 | 0 | |a Axiomatic set theory |
| 300 | |a 238 p | ||
| 942 | |c BK | ||
| 945 | |d 19981210 00:00:00 |a cmena | ||
| 260 | |a Nueva York |b Springer-Verlag |c 1973 | ||
| 650 | 0 | |a Matemática |9 260235 | |
| 650 | 0 | |a Conjuntos |9 342214 | |
| 650 | 0 | |a Teoría de conjuntos |9 265668 | |
| 650 | 0 | |a Funciones |9 263869 | |
| 650 | 0 | |a Números cardinales |9 357375 | |
| 650 | 0 | |a Lógica matemática |9 262442 | |
| 650 | 7 | |a AXIOMAS |2 CL-VaPUC |9 422617 | |
| 583 | |a last modification |c 19981210 00:00:00 |k Rodrigo Vera | ||
| 490 | 0 | |a Graduate Texts in Mathematics, 8 | |
| 999 | |c 277797 |d 277795 | ||
| 952 | |0 0 |1 0 |4 0 |6 511_322000000000000_TAK_1973 |7 0 |8 A |9 316005 |a BIBMAT |b BIBMAT |d 2019-11-20 |i 1307126 |o 511.322 TAK 1973 |p 1307126 |r 2025-01-07 |w 2019-11-20 |y BK |k MAT | ||
| 952 | |0 0 |1 0 |4 0 |6 511_322000000000000_TAK_1973 |7 0 |8 A |9 316006 |a BIBMAT |b BIBMAT |d 2019-11-20 |i 1307134 |o 511.322 TAK 1973 |p 1307134 |r 2025-01-07 |w 2019-11-20 |y BK |k MAT | ||